Statistics for Least Borders - Americas

Click here to take the quiz!

General Stats

  • This quiz has been taken 47 times
  • The average score is 21 of 23

Answer Stats

No.bordersCountry% Correct
1Canada
100%
2Costa Rica
100%
1Haiti
100%
0Dominica
97%
1Dominican Republic
97%
2El Salvador
97%
0Saint Lucia
97%
2United States
97%
2Belize
95%
2Nicaragua
95%
2Panama
95%
0Bahamas
92%
0Jamaica
92%
0Saint Kitts and Nevis
92%
0Saint Vincent and the Grenadines
92%
0Trinidad and Tobago
92%
0Antigua and Barbuda
89%
0Cuba
89%
0Barbados
87%
0Grenada
87%
2Suriname
79%
2Uruguay
79%
2Ecuador
71%

Score Distribution

Percentile by Number Answered

Percent of People with Each Score

Your Score History

You have not taken this quiz